[Event "Mittelfrankenliga-B2a 0607"]
[Site "Mittelfranken"]
[Date "2006.12.03"]
[Round "3.5"]
[White "Klek, Hanna Marie"]
[Black "Walter, Bernd"]
[Result "1-0"]
[WhiteElo "1980"]
[BlackElo "1698"]
[PlyCount "103"]
[EventDate "2006.10.22"]
[EventType "team-tourn"]
[EventRounds "9"]
[EventCountry "GER"]
[SourceTitle "EXT 2011"]
[Source "ChessBase"]
[SourceDate "2010.11.26"]
[SourceVersion "1"]
[SourceVersionDate "2010.11.26"]
[SourceQuality "1"]
[WhiteTeam "Erlangen SC II"]
[BlackTeam "Altensittenbach II"]
[WhiteTeamCountry "GER"]
[BlackTeamCountry "GER"]

1. e4 e5 2. Nf3 Nc6 3. d4 exd4 4. Bc4 d6 5. Nxd4 Nxd4 6. Qxd4 Nf6 7. Nc3 Be6 8. Bf4 Be7 9. 0-0-0 0-0 10. Bg3 Nd7 11. Bb3 Bf6 12. Qe3 Qe7 13. Rhe1 Ne5 14. Nd5 Bxd5 15. Bxd5 c6 16. Bb3 b5 17. c3 a5 18. f4 Nc4 19. Bxc4 bxc4 20. Qe2 Rab8 21. Qxc4 Rb6 22. Bf2 c5 23. Rd2 Rfb8 24. g3 Qb7 25. Ree2 g6 26. g4 h6 27. Bg3 Kh7 28. h3 Kg8 29. h4 Rd8 30. g5 Bg7 31. f5 gxf5 32. exf5 Qh1+ 33. Re1 Qf3 34. Qf4 Qc6 35. f6 Bf8 36. Bh2 d5 37. Qc7 Rd7 38. Qxc6 Rxc6 39. Re8 d4 40. Bg3 h5 41. Ra8 Re6 42. Bf2 d3 43. Bxc5 Re1+ 44. Rd1 Re2 45. Rxf8+ Kh7 46. Bd4 Rb7 47. Rxd3 Rbxb2 48. Rxf7+ Kg6 49. Rg7+ Kf5 50. f7 Rbc2+ 51. Kd1 Rh2 52. f8Q+ 1-0

[Event "Mittelfrankenliga-B2a 0607"]
[Site "Mittelfranken"]
[Date "2006.10.22"]
[Round "1.5"]
[White "Fainberg, Jakob"]
[Black "Walter, Bernd"]
[Result "0-1"]
[WhiteElo "1869"]
[BlackElo "1698"]
[PlyCount "99"]
[EventDate "2006.10.22"]
[EventType "team-tourn"]
[EventRounds "9"]
[EventCountry "GER"]
[SourceTitle "EXT 2011"]
[Source "ChessBase"]
[SourceDate "2010.11.26"]
[SourceVersion "1"]
[SourceVersionDate "2010.11.26"]
[SourceQuality "1"]
[WhiteTeam "Erlangen Siemens"]
[BlackTeam "Altensittenbach II"]
[WhiteTeamCountry "GER"]
[BlackTeamCountry "GER"]

1. d4 d5 2. c4 e6 3. Nc3 Nf6 4. Nf3 Be7 5. Bf4 Nbd7 6. Nb5 Bb4+ 7. Nd2 Ne4 8. a3 Bxd2+ 9. Bxd2 Nxd2 10. Qxd2 c6 11. Nd6+ Ke7 12. c5 Nf6 13. Qg5 g6 14. e3 h6 15. Qf4 g5 16. Qf3 Rf8 17. Qh3 Rh8 18. Bd3 Ne8 19. Nxe8 Kxe8 20. Qh5 Qe7 21. 0-0 e5 22. dxe5 Qxc5 23. Rac1 Qb6 24. Rc2 Be6 25. b4 a6 26. Rfc1 Kd7 27. Rc5 Rag8 28. f4 gxf4 29. exf4 Ke8 30. f5 Rg5 31. Qf3 Bc8 32. Kh1 Rhg8 33. g3 h5 34. Qf4 Rg4 35. Qh6 h4 36. Rg1 Qd8 37. Be2 Re4 38. Qh7 Rg5 39. f6 Rxe2 40. gxh4 Rxg1+ 41. Kxg1 Be6 42. h5 Rxe5 43. Qh6 Rf5 44. Rc2 Qxf6 45. Qxf6 Rxf6 46. Rg2 Bh3 47. Re2+ Kf8 48. Rf2 Rxf2 49. Kxf2 Kg7 50. Ke3 0-1

[Event "Mittelfrankenliga-B2 0506 playoff"]
[Site "Germany"]
[Date "2006.05.21"]
[Round "10.4"]
[White "Walter, Bernd"]
[Black "Kiefer, Herbert"]
[Result "1/2-1/2"]
[WhiteElo "1679"]
[BlackElo "1755"]
[PlyCount "137"]
[EventDate "2006.05.21"]
[EventType "team"]
[EventRounds "1"]
[EventCountry "GER"]
[SourceTitle "EXT 2007"]
[Source "ChessBase"]
[SourceDate "2006.11.23"]
[SourceVersion "1"]
[SourceVersionDate "2006.11.23"]
[SourceQuality "1"]

1. d4 d5 2. c4 c6 3. Nf3 Nf6 4. Nc3 e6 5. Bg5 Be7 6. e3 Nbd7 7. Rc1 0-0 8. Bd3 dxc4 9. Bxc4 Nd5 10. Bxe7 Qxe7 11. 0-0 f5 12. Re1 Nxc3 13. bxc3 Nf6 14. Ne5 Rd8 15. Qb3 Kf8 16. h3 Qd6 17. a4 Rb8 18. Rb1 Ne4 19. Red1 g6 20. f3 Nf6 21. Qa2 b6 22. Be2 Nd5 23. Qd2 Kg7 24. c4 Ne7 25. Qc3 Kg8 26. c5 Qc7 27. Qb3 b5 28. axb5 cxb5 29. Bxb5 a6 30. Qa4 axb5 31. Rxb5 Rxb5 32. Qxb5 Nd5 33. Qb3 f4 34. exf4 Nxf4 35. Qe3 Rf8 36. Rb1 Ba6 37. Rb6 Bc8 38. Qe4 Nd5 39. Rd6 Rf4 40. Qd3 Qa5 41. Nxg6 hxg6 42. Rxd5 Kf7 43. Rg5 Rf6 44. Qe4 Qc7 45. Re5 Bb7 46. Qh4 Kg7 47. Qg5 Qf7 48. Qg3 Rf4 49. Qf2 Qd7 50. Qe3 Rf6 51. Rg5 Qc7 52. h4 Qf4 53. Qxf4 Rxf4 54. h5 Rf6 55. Rxg6+ Rxg6 56. hxg6 Kxg6 57. Kf2 Kf5 58. Ke3 Bd5 59. g3 Kg6 60. Ke2 Kf5 61. Ke3 Bb7 62. Ke2 Ba6+ 63. Ke3 Bb5 64. Kd2 Bc6 65. Ke3 Kf6 66. Ke2 Kf7 67. Ke3 Bd5 68. Ke2 Ke7 69. Ke3 1/2-1/2

[Event "Mittelfrankenliga-B2a 0506"]
[Site "Germany"]
[Date "2006.01.29"]
[Round "5.5"]
[White "Walter, Bernd"]
[Black "Bauer, Klaus"]
[Result "1-0"]
[WhiteElo "1675"]
[BlackElo "1798"]
[PlyCount "63"]
[EventDate "2005.10.16"]
[EventType "team"]
[EventRounds "9"]
[EventCountry "GER"]
[SourceTitle "EXT 2007"]
[Source "ChessBase"]
[SourceDate "2006.11.23"]
[SourceVersion "1"]
[SourceVersionDate "2006.11.23"]
[SourceQuality "1"]

1. d4 d5 2. c4 e6 3. Nc3 Nf6 4. Bg5 Be7 5. e3 0-0 6. Nf3 a6 7. Rc1 Nbd7 8. Bd3 dxc4 9. Bxc4 b5 10. Bd3 Bb7 11. 0-0 Rc8 12. a3 c5 13. dxc5 Rxc5 14. Bh4 Bxf3 15. gxf3 Ne5 16. Be2 Qa8 17. f4 Rd8 18. Qc2 Nf3+ 19. Bxf3 Qxf3 20. Bxf6 Bxf6 21. Rcd1 Rdc8 22. Qd3 h6 23. Ne4 Rd5 24. Qb1 Rxd1 25. Nxf6+ gxf6 26. Qxd1 Qh3 27. Kh1 Kf8 28. Rg1 Ke8 29. Rg8+ Ke7 30. Rxc8 e5 31. Qd8+ Ke6 32. Rc6+ 1-0

[Event "Mittelfrankenliga-B2a 0506"]
[Site "Germany"]
[Date "2005.11.20"]
[Round "2.4"]
[White "Mueller, Stefan"]
[Black "Walter, Bernd"]
[Result "1-0"]
[WhiteElo "1967"]
[BlackElo "1675"]
[PlyCount "59"]
[EventDate "2005.10.16"]
[EventType "team"]
[EventRounds "9"]
[EventCountry "GER"]
[SourceTitle "EXT 2007"]
[Source "ChessBase"]
[SourceDate "2006.11.23"]
[SourceVersion "1"]
[SourceVersionDate "2006.11.23"]
[SourceQuality "1"]

1. e4 e5 2. Nf3 Nc6 3. Bb5 a6 4. Bxc6 dxc6 5. 0-0 Bd6 6. b3 Bg4 7. Bb2 Nf6 8. Re1 0-0 9. d3 Nd7 10. h3 Bh5 11. g4 Bg6 12. Nbd2 f6 13. Kg2 Nc5 14. d4 exd4 15. Nxd4 Be5 16. Nc4 Bxe4+ 17. f3 Bd5 18. Nxe5 fxe5 19. Rxe5 g6 20. c4 Qf6 21. Re3 Be6 22. Qe2 Bd7 23. Nf5 Qg5 24. h4 Qf4 25. Be5 Rxf5 26. Bxf4 Rxf4 27. Rd1 Raf8 28. b4 Ne6 29. Rxe6 Bxe6 30. Qxe6+ 1-0

[Event "Mittelfrankenliga-B2a 0506"]
[Site "Germany"]
[Date "2005.10.16"]
[Round "1.5"]
[White "Gueldner, Udo"]
[Black "Walter, Bernd"]
[Result "1-0"]
[WhiteElo "1773"]
[BlackElo "1675"]
[PlyCount "49"]
[EventDate "2005.10.16"]
[EventType "team"]
[EventRounds "9"]
[EventCountry "GER"]
[SourceTitle "EXT 2007"]
[Source "ChessBase"]
[SourceDate "2006.11.23"]
[SourceVersion "1"]
[SourceVersionDate "2006.11.23"]
[SourceQuality "1"]

1. d4 d5 2. Nf3 Nf6 3. e3 e6 4. Bd3 Nbd7 5. Nbd2 Be7 6. 0-0 0-0 7. e4 dxe4 8. Nxe4 Nxe4 9. Bxe4 Nf6 10. Bd3 b6 11. Re1 Bb7 12. c3 Qd6 13. Bg5 Rfd8 14. Bxf6 Bxf6 15. Ne5 c5 16. Bxh7+ Kf8 17. Qh5 Bxe5 18. dxe5 Qd2 19. Rab1 g6 20. Bxg6 fxg6 21. Qxg6 Bd5 22. Re3 Bc6 23. Qf6+ Ke8 24. Qxe6+ Kf8 25. Qf6+ 1-0

[Event "Regionalliga NO 9798"]
[Site "Bayern"]
[Date "1998.??.??"]
[Round "?.8"]
[White "Fink, Martin"]
[Black "Walter, Bernd"]
[Result "0-1"]
[WhiteElo "1910"]
[BlackElo "1974"]
[PlyCount "62"]
[EventDate "1997.10.??"]
[EventType "team-tourn"]
[EventRounds "9"]
[EventCountry "GER"]
[SourceTitle "EXT 2020"]
[Source "ChessBase"]
[SourceDate "2019.10.17"]
[SourceVersion "1"]
[SourceVersionDate "2019.10.17"]
[SourceQuality "1"]
[WhiteTeam "Gunzenhausen"]
[BlackTeam "Altensittenbach"]
[WhiteTeamCountry "GER"]
[BlackTeamCountry "GER"]

1. e4 e5 2. Nf3 Nc6 3. Bc4 Bc5 4. 0-0 Nf6 5. c3 0-0 6. d4 exd4 7. cxd4 Be7 8. Nc3 d6 9. Bg5 Bg4 10. Re1 Re8 11. Qb3 Rf8 12. e5 Bxf3 13. exf6 Bxf6 14. Bxf6 Qxf6 15. gxf3 Nxd4 16. Qxb7 Nxf3+ 17. Kf1 Nxe1 18. Rxe1 Rab8 19. Qxa7 Rxb2 20. Qe3 Qh4 21. Bd5 c6 22. Bb3 Qxh2 23. Qf3 d5 24. Re7 Qh6 25. Rb7 Qg6 26. Qe3 Qe6 27. Qf3 Qg6 28. Rb6 Rd2 29. Bxd5 Rd3 30. Be4 Rxf3 31. Bxg6 Rxc3 0-1